00876nam a22002537a 450000500170000000800410001701000150005802000260007303500130009903700130011204000130012508200110013810000240014924500970017326000340027027000460030430000350035050000200038565000100040570000240041594200250043999900170046495201410048120110817113511.0110817t xxu||||| |||| 00| 0 eng d aENG-103323 a9788120343344c495.00 aEN-86856 bDBAD/PUB aDPLbEng a006.78 aLonder, Olga932931 aMicrosoft Sharepoint Foundation 2010 step by step / cby Olga Londer [and] Penelope Coventry aNew DelhibPHI Learningc2011 aM-97, Connaught CircusbNew Delhie110001 axxiv,482p. :c24cm (pbk)bill. aIncludes index 932933 aLonder, Olga932935 2ddccENh006.78mLON c55487d55487 00102ddc40718NFICaDBADbDBADd2011-08-17eDBAD/PUBg495.00l0o006.78 LONpEN-86856r2011-08-17 00:00:00t1v495.00w2011-08-17yEN